El helicoide de la investigación: metodología en tesis de ciencias sociales /
Este libro es un texto de metodología tradicional, con un abordaje diferente, exponiendo al lectora las decisiones y caminos metodológicos emprendidos en investigaciones que dieron que dieron origen a tesis de doctorado y maestría en ciencias sociales. Es una obra que condensa experiencias reflexio...
محفوظ في:
| المؤلف الرئيسي: | |
|---|---|
| مؤلفون آخرون: | , , |
| التنسيق: | كتاب |
| اللغة: | Spanish |
| منشور في: |
México:
FLACSO,
2013
|
| الطبعة: | segunda edición |
| الموضوعات: | |
| الوسوم: |
إضافة وسم
لا توجد وسوم, كن أول من يضع وسما على هذه التسجيلة!
|
MARC
| LEADER | 00000nam a22000007a 4500 | ||
|---|---|---|---|
| 003 | cru CIDCACS/IIS | ||
| 005 | 20200925161258.0 | ||
| 007 | ta | ||
| 008 | 170323t2013 mx ||||| |||| 00| 0 spa d | ||
| 020 | |a 9789275211 | ||
| 040 | |c CRAI/IIS |a CRAI/IIS | ||
| 090 | |a 18.03.01 H475h | ||
| 100 | 1 | |9 3624 |a Aibar, Julio |e coordinador | |
| 245 | 1 | 3 | |a El helicoide de la investigación: |b metodología en tesis de ciencias sociales / |c Julio Aibar, Fernando Cortés, Liliana Martínez, Gisela Zaremberg (coordinadores) |
| 250 | |a segunda edición | ||
| 260 | |a México: |b FLACSO, |c 2013 | ||
| 300 | |a 303 páginas | ||
| 520 | |a Este libro es un texto de metodología tradicional, con un abordaje diferente, exponiendo al lectora las decisiones y caminos metodológicos emprendidos en investigaciones que dieron que dieron origen a tesis de doctorado y maestría en ciencias sociales. Es una obra que condensa experiencias reflexionadas y narradas por los propios autores sobre el proceso que llevó a culminar exitosamente su tesis. | ||
| 650 | 1 | 0 | |9 1288 |a METODOLOGIA DE LAS CIENCIAS SOCIALES |
| 650 | 1 | 0 | |9 1392 |a ANALISIS TRANSCULTURAL |
| 650 | 1 | 0 | |a ANALISIS SOCIOLOGICO |9 2076 |
| 650 | 1 | 0 | |9 2524 |a METODOS DE INVESTIGACION |
| 650 | 1 | 0 | |9 1290 |a INVESTIGACION PARTICIPATIVA |
| 700 | 1 | |9 3625 |a Cortés, Fernando |e coordinador | |
| 700 | 1 | |9 3626 |a Martínez, Liliana |e coordinadora | |
| 700 | 1 | |9 3627 |a Zaremberg, Gisela |e coordinadora | |
| 942 | |2 ddc |c LI | ||
| 999 | |c 19036 |d 19036 | ||
